Online Catalogue and eLibrary

Winnie Mandela : (Record no. 382)

MARC details
000 -LEADER
fixed length control field 00678cam a2200229 a 4500
001 - CONTROL NUMBER
control field 13548392
005 - DATE AND TIME OF LATEST TRANSACTION
control field 20240214021207.0
008 - FIXED-LENGTH DATA ELEMENTS--GENERAL INFORMATION
fixed length control field 040405s2003 sa a b 001 0beng
020 ## - INTERNATIONAL STANDARD BOOK NUMBER
ISBN 1868726622
040 ## - CATALOGING SOURCE (பட்டியலாக்க மூலம்)
Original cataloging agency UKM
Transcribing agency UKM
Modifying agency CtY
-- DLC
082 00 - DDC Classification
Class No. 320.
DDC Edition Number 22
Item Number - Author Mark WIN.
100 1# - MAIN ENTRY--PERSONAL NAME
Personal name Bezdrob, preez du Marie anne.
245 10 - TITLE STATEMENT
Title Winnie Mandela :
Remainder of title a life /
Statement of responsibility, etc. Anné Mariè du Preez Bezdrob.
260 ## - PUBLICATION, DISTRIBUTION, ETC.
Place of publication, distribution, etc. Cape Town :
Name of publisher, distributor, etc. Zebra press,
Date of publication, distribution, etc. 2003.
300 ## - PHYSICAL DESCRIPTION
Extent (e.g. Volumes, Pages etc.) xv, 287 p. :
650 #0 - SUBJECT ADDED ENTRY--TOPICAL TERM
Topical term or geographic name entry element Banned persons (South Africa)
650 #0 - SUBJECT ADDED ENTRY--TOPICAL TERM
Topical term or geographic name entry element Civil rights workers
650 #0 - SUBJECT ADDED ENTRY--TOPICAL TERM
Topical term or geographic name entry element Women, Black
650 #0 - SUBJECT ADDED ENTRY--TOPICAL TERM
Topical term or geographic name entry element Women civil rights workers
856 42 - ELECTRONIC LOCATION AND ACCESS
Uniform Resource Identifier <a href="http://www.h-net.org/review/hrev-a0d8b9-aa">http://www.h-net.org/review/hrev-a0d8b9-aa</a>
942 ## - Koha item type (Biblio)
Koha item type Books in Stacks (Lending)
Holdings
Lost status Damaged status Collection code Home library Current library Date acquired Full call number Accession Number Item type
    Lending WERC Library WERC Library 02/14/2024 320. WIN 7013 Books in Stacks (Lending)

© WERC Library